000 01083cam a2200301 a 4500
001 18381813
003 OSt
005 20250801115452.0
008 880727m19899999ne a bf 001 0 eng
020 _a9780323915137 (Hardcover)
040 _aDLC
_beng
_cNUST
_dNUST
_erda
050 0 0 _aHD2326 HAN
245 0 0 _aHandbook of industrial organization, Volume 4 /
_cedited by Katherine Ho, Ali Hortaçsu and Alessandro Lizzeri.
260 _aAmsterdam, Netherlands :
_bNorth Holland,
_c©2021.
300 _axxiii, 762 pages :
_bIllustrations ;
_c25 cm.
336 _atext
_btxt
_2rdacontent
337 _aunmediated
_bn
_2rdamedia
338 _avolume
_bnc
_2rdacarrier
440 _aHandbooks in economics.
504 _aIncludes bibliographical references and index.
650 0 _vIndustries -- Land use -- Labor.
650 0 _vIndustrial organization (Economic theory).
650 0 _vIndustry.
700 _aHo, Katherine
_eEditor
700 _aHortaçsu, Ali
_eEditor
700 _aLizzeri, Alessandro
_eEditor
942 _2lcc
_cBOOKS
_hHD2326 HAN
_kHD
_mHAN
_n0
999 _c172222
_d172222